000 00604nam a2200229Ia 4500
003 OSt
005 20220926044015.0
006 a|||||r|||| 00| 0
007 ta
008 220923b |||||||| |||| 00| 0 eng d
037 _cGeneral Book
040 _aRTL
_cRTL
_beng
041 _2eng
_aeng
082 _aU:5:N5, J3
100 _aPounds Norman J G
245 0 _aEurope and the mediterranean
260 _c1953
490 _aMcGraw Hill series in geography
650 _aGeography- Europe
_9231495
942 _hU:5:N5, J3
_cGB
_2CC
999 _c673736
_d673736